| 000 | 00770cam a2200253 a 4500 | ||
|---|---|---|---|
| 001 | 4886775 | ||
| 005 | 20240208050542.0 | ||
| 008 | 930104s1993 caua b 001 0 eng | ||
| 020 | _a0803942907 | ||
| 020 | _a0803942915 (pbk.) | ||
| 040 |
_aDLC _cDLC _dDLC |
||
| 082 | 0 | 0 |
_a306.7 _220 _bSUS. |
| 100 | 1 | _aSprecher, Susan, | |
| 245 | 1 | 0 |
_aSexuality / _cSusan Sprecher, Kathleen McKinney. |
| 260 |
_aNewbury Park : _bSage Publications, _c1993. |
||
| 300 | _axv, 184 p. : | ||
| 650 | 0 | _aSex. | |
| 650 | 0 | _aSex (Psychology) | |
| 650 | 0 | _aInterpersonal relations. | |
| 700 | 1 |
_aMcKinney, Kathleen. _eedt |
|
| 856 | 4 | 2 | _uhttp://www.loc.gov/catdir/enhancements/fy0655/93006482-d.html |
| 856 | 4 | 1 | _uhttp://www.loc.gov/catdir/enhancements/fy0655/93006482-t.html |
| 942 | _cL | ||
| 999 |
_c341 _d341 |
||